| 000 | 00425 a2200181 4500 | ||
|---|---|---|---|
| 001 | 068017 | ||
| 003 | OSt | ||
| 005 | 20220125171031.0 | ||
| 008 | |||
| 082 |
_a512.02 _bS59A |
||
| 100 | 1 | _aSheth, I.H. | |
| 245 | 1 |
_aAbstract algebra _cby I.H. Sheth |
|
| 250 | _a2nd ed. | ||
| 260 |
_aNew Delhi _bPHI Learning _c2009 |
||
| 300 | _a373p. | ||
| 653 | _aAlgebra, Abstract | ||
| 942 |
_2ddc _cBK |
||
| 999 |
_c1856 _d1856 |
||